|
|
|
|
| LEADER |
01668nam a2200445 a 4500 |
| 001 |
000489566 |
| 003 |
CZ BrMZK |
| 005 |
20070912130834.0 |
| 007 |
ta |
| 008 |
010907s2000 xr e c cze d |
| 015 |
|
|
|a cnb000981445
|
| 020 |
|
|
|a 80-7028-156-1
|
| 035 |
|
|
|a (OCoLC)46964133
|
| 040 |
|
|
|a BOA001
|b cze
|
| 043 |
|
|
|a e-xr---
|b e-xr-jm
|2 czenas
|
| 072 |
|
7 |
|a 069
|x Muzea. Muzeologie. Muzejnictví. Výstavy
|2 Konspekt
|9 12
|
| 080 |
|
|
|a 069:39
|2 MRF
|
| 080 |
|
|
|a 069.5
|2 MRF
|
| 080 |
|
|
|a 27-853
|2 MRF
|
| 080 |
|
|
|a (437.322)
|2 MRF
|
| 080 |
|
|
|a (083.81)
|2 MRF
|
| 080 |
|
|
|a (041)
|2 MRF
|
| 100 |
1 |
|
|a Dvořáková, Hana,
|d 1948-
|7 jn19981000895
|4 aut
|
| 245 |
1 |
0 |
|a Me tibi dedico- :
|b votivní dary v okruhu lidové religiozity /
|c Hana Dvořáková ; [fotografie: Silvie Doleželová].
|
| 260 |
|
|
|a Brno :
|b Moravské zemské muzeum,
|c 2000
|
| 300 |
|
|
|a 44 s. :
|b il. ;
|c 21 cm
|
| 500 |
|
|
|a Bibliogr. - Souhrn angl. a něm.
|
| 650 |
0 |
7 |
|a etnografická muzea
|7 ph114492
|z Česko
|2 czenas
|
| 650 |
0 |
7 |
|a muzejní sbírky
|7 ph137908
|z Česko
|2 czenas
|
| 650 |
0 |
7 |
|a lidová zbožnost
|7 ph122311
|z Česko
|2 czenas
|
| 653 |
0 |
|
|a votivní dary
|
| 655 |
|
7 |
|a katalogy
|7 fd132535
|2 czenas
|
| 655 |
|
7 |
|a brožury
|7 fd131925
|2 czenas
|
| 610 |
2 |
7 |
|a Moravské zemské muzeum (Brno, Česko).
|b Etnografický ústav
|7 kn20010724184
|2 czenas
|
| 651 |
|
7 |
|a Brno (Česko)
|7 ge134084
|2 czenas
|
| 700 |
1 |
|
|a Doleželová, Silvie,
|d 1954-
|7 mzk2006322970
|4 pht
|
| 710 |
2 |
|
|a Moravské zemské muzeum (Brno, Česko)
|7 kn20010709060
|
| 910 |
|
|
|a BOA001
|b 2-1075.653
|
| 990 |
|
|
|a BK
|
| 996 |
6 |
|
|b 2610119265
|c 2-1075.653
|l MZK
|r Sklad / do 1 hodiny
|n 19
|p p.v.
|w 000489566
|u 000010
|a 1
|e BOA001
|j MZK50
|s P
|